000 00795nam a22002297a 4500
003 UA-OsUOA
001 74318
007 ta
008 20110401b un ||||| |||| 00| 0 ukr d
090 _a016:07(477)
_bН12
942 _cBK
040 _aUA-OsUOA
_bukr
_cUA-OsUOA
_dUA-OsUOA
245 _a"Наша культура" (1935 - 1937)
_bсистематичний покажчик змісту
_cупоряд. Н.Прокопенко; наук. ред. Л.Головата
300 _a124 с.
955 _a2
041 _aukr
080 _a016:07(477)
020 _a978-966-02-3908-4
260 _aЛьвів
_bНАН України. ЛНБ ім. В.Стефаника
_c2006
650 7 _a01 Бібліографія і бібліографії. Каталоги
_2UDC
999 _c360609
_d360609